000 00729nam a2200289Ia 4500
005 20260324134219.0
008 008 260324s9999 xx 000 0 eng d
020 _a9781315811284
037 _aEBOOK
040 _aCRL
040 _beng
040 _cCRL
041 _2eng
041 _aeng
084 _qCRL
100 _aJose-Manuel Navarro
_91195996
245 0 _aCreating Tropical Yankees
245 0 _bSocial Science Textbooks and U.S. Ideological Control in Puerto Rico, 1898-1908
260 _bTaylor and Francis
260 _c2002
365 _a
365 _b230
856 _uhttp://www.taylorfrancis.com/books/9781315811284
942 _cEBOOK
999 _c1795820
_d1795820